[Event "Tata Steel Challengers"]
[Site "Wijk aan Zee NED"]
[Date "2025.01.26"]
[Round "8.6"]
[White "Divya, Deshmukh"]
[Black "Nogerbek, Kazybek"]
[Result "0-1"]
[WhiteTitle "IM"]
[BlackTitle "GM"]
[WhiteElo "2490"]
[BlackElo "2514"]
[WhiteFideId "35006916"]
[BlackFideId "13710427"]
[EventDate "2025.01.18"]

1. c4 e5 2. Nc3 Nf6 3. g3 Bb4 4. Bg2 O-O 5. e4 Bxc3 6. bxc3 c6 7. Ne2 d5 8. exd5
cxd5 9. d4 exd4 10. O-O dxc4 11. Ba3 d3 12. Bxf8 Qxf8 13. Nd4 Qa3 14. Qd2 Nbd7
15. Rab1 Nb6 16. Rb4 Bd7 17. Bxb7 Re8 18. Bf3 h6 19. Nb5 Qxb4 20. cxb4 Bxb5 21.
Rc1 Rc8 22. Qf4 c3 23. Qe5 Nbd5 24. Qd4 d2 25. Qxd2 cxd2 26. Rxc8+ Be8 27. Kf1
Nxb4 28. Ke2 Nxa2 29. Kxd2 Nb4 30. Kc3 a5 31. Rc5 Na6 32. Rxa5 Nc7 33. Kd4 Ne6+
34. Ke3 g5 35. h4 gxh4 36. gxh4 Kg7 37. Bb7 Bd7 38. Bf3 Nf8 39. Kf4 Ng6+ 40. Kg3
Be6 41. Ra1 Ne7 42. Rh1 Ne8 43. Bg4 Bd5 44. Bf3 Bc4 45. Bg4 Nd6 46. Re1 Kf6 47.
Kh3 Bd5 48. Ra1 Ng6 49. h5 Nf4+ 50. Kh4 Ke5 51. Ra6 Nd3 52. Ra5 Nxf2 53. Bd7 f6
54. Kg3 Nfe4+ 55. Kh4 Nc4 56. Ra7 Kf4 57. Bc8 Ne5 58. Bb7 Nf3+ 59. Kh3 Nfg5+ 60.
Kh4 Nd6 61. Ra4+ Bc4 62. Bc8 Nf3+ 63. Kh3 Kg5 64. Bg4 Ne5 65. Bd1 Ne4 66. Kg2
Nc3 0-1

[Event "Tata Steel Challengers"]
[Site "Wijk aan Zee NED"]
[Date "2025.01.26"]
[Round "8.7"]
[White "Yakubboev, Nodirbek"]
[Black "Bulmaga, Irina"]
[Result "1-0"]
[WhiteTitle "GM"]
[BlackTitle "IM"]
[WhiteElo "2659"]
[BlackElo "2386"]
[WhiteFideId "14203987"]
[BlackFideId "13903063"]
[EventDate "2025.01.18"]

1. d4 Nf6 2. Nf3 g6 3. Nbd2 d5 4. b4 Bg7 5. Bb2 O-O 6. e3 Bf5 7. c4 c6 8. Rc1 a5
9. b5 Ne4 10. cxd5 Nxd2 11. Qxd2 cxd5 12. Be2 Nd7 13. O-O Nf6 14. Ba3 Re8 15.
Qb2 Nd7 16. Qb3 Nb6 17. h3 h5 18. Bc5 a4 19. Qb4 Bf8 20. Ne5 Nd7 21. b6 Nxc5 22.
dxc5 f6 23. Nf3 e5 24. Nh4 Qc8 25. Bb5 Rd8 26. Bxa4 Kg7 27. Nxf5+ Qxf5 28. Qb5
h4 29. c6 bxc6 30. Rxc6 d4 31. Bb3 Qe4 32. Qc4 Kh6 33. Bc2 Qd5 34. Qxd5 Rxd5 35.
Be4 Rdd8 36. b7 Rab8 37. Rxf6 1-0